01157nam a2200313 a 450000500170000000800410001702000150005804100080007324501100008125000110019126000320020230000160023450001470025065300180039765300220041565300260043765300310046365300260049465300270052065300250054765300260057265300480059865300340064665300250068070000320070570000320073770000390076970000350080820240507122015.0100708t1995||||mx a f |||| 00| 0 spa d a9682451892 aspa aMicología Médica.bProcedimientos para el diagnóstico de laboratorio /cRubén López Martínez. a1a ed. aMéxico: bTrillas;c1995. a194 p.bil. aLópez Martínez, R. et al. (1995). Micología Médica. Procedimientos para el diagnóstico de laboratorio. (1a ed.). México : Trillas. aGeneralidades aToma de productos aMicosis superficiales aSeudomicosis superficiales aMicosis subcutáneas aMicosis sistemáticas aMicosis oportunistas aSeudomicosis profunda aHongos contaminantes comunes de laboratorio aProcedimientos de laboratorio aMedidas de seguridad1 aLópez Martínez, Rubén1 aMéndez Tovar, Luis Javier1 aHernández Hernández, Francisca1 aCastañón Olivares, Rocío